Missing Word: TV for the Younger Generation Quiz Stats

 Plays Quiz Updated Mar 9, 2016

Challenge
Share
Tweet
Embed
Score 0/20 Timer 03:00
1 Play Today
Hint Answer % Correct
___ the BuilderBob
97.2%
____ the ExplorerDora
96.8%
Bill Nye the _______ GuyScience
91.8%
___ Wee’s PlayhousePee
91.3%
Blue’s _____Clues
90.1%
________ the Big Red DogClifford
88.1%
______ StreetSesame
87.5%
Barney & _______Friends
85.4%
Where In the World Is ______Sandiego?Carmen
83.8%
Schoolhouse ____Rock
82.8%
Hint Answer % Correct
Mister ______ NeighborhoodRogers
82.4%
The _____ School BusMagic
79.1%
_______ RainbowReading
70.2%
The Big Comfy _____Couch
67.5%
The Electric _______Company
53.3%
Go, _____, Go!Diego
48.7%
Dragon _____Tales
42%
Beakman’s _____World
20%
Newton's _____Apple
18.8%
Franny's ____Feet
6.1%

Today's Daily Dose

You're not logged in!

Compare scores with friends on all Sporcle quizzes.
Join for Free
OR
Log In

You Might Also Like...

Show Comments

Extras

Top Quizzes Today


Score Distribution

Your Account Isn't Verified!

In order to create a playlist on Sporcle, you need to verify the email address you used during registration. Go to your Sporcle Settings to finish the process.

Report this User

Report this user for behavior that violates our Community Guidelines.

Details: